| 000 | 00455pam a2200133a 44500 | ||
|---|---|---|---|
| 008 | 230405s2004 xxu||||| |||| 00| 0 eng d | ||
| 041 | _aENG | ||
| 100 | _aGOV OF MAH LOW | ||
| 245 | _aMAHARASHTRA ACT NO. XVII OF 1998 THE MAHARASHTRA ANIMAL AND FISHERY SCIENCES UNIVERSITY ACT-1998-222 | ||
| 260 |
_aBOMBAY _bTHE DIRECTOR GOVERMENT OF MAHARSTRA _c2004 |
||
| 300 | _a36p. | ||
| 440 | _aSHSAKIYA PRAKASHAN VIKRI KENDRA , KOLHAPUR B- 317686 | ||
| 906 | _a1121 | ||
| 999 |
_c289999 _d289999 |
||